00958nam a2200229 a 450000100100000000500170001000800410002702000150006804000250008304100130010810000350012124501280015626000400028430000210032449000310034550000390037659000760041565000310049170000390052295201500056199900170071100003536620250611121345.0111028s1981 sp 000 0 spa d a8420622990 aDO-SdBNPbspacBNPHU17aspaheng1 aAronson, Elliot,d1932-96116913aEl animal social :bintroducción a la psicología social /cElliot Aronson ; versión española de Antonio Escohotado. aMadrid :bAlianza Editorial,c1981. a302 p. ;c20 cm.0 aAlianza universidad ;v299 aTít. original: The social animal aPerteneció a la biblioteca personal de Juan Isidro Jimenes Grullón.20aPsicología social 915741 aEscohotado, Antonio,etrad.952991 0010507-18MOaGRbGRcOId2011-10-28iLF1l0o p35366-10r2020-06-25w2020-06-25y1zBiblioteca Juan Isidro Jiménes GrullónZNo se presta c34857d34857